On Christian Theology :Challenges in contemporary theology (Record no. 22448)

MARC details
000 -LEADER
fixed length control field 00457cam a22001574a 4500
020 ## - INTERNATIONAL STANDARD BOOK NUMBER
ISBN 0631214399 (alk. paper)
020 ## - INTERNATIONAL STANDARD BOOK NUMBER
ISBN 0631214402 (pbk. : alk. paper)
082 00 - DEWEY DECIMAL CLASSIFICATION NUMBER
Classification number 230
Author Cutter WIL
100 1# - MAIN ENTRY--AUTHOR NAME
Author name Williams, Rowan,
245 10 - TITLE STATEMENT
Title On Christian Theology :Challenges in contemporary theology
260 ## - PUBLICATION, DISTRIBUTION, ETC. (IMPRINT)
Place of publication Oxford, UK ;
-- Malden, Mass. :
Name of publisher Blackwell Publishers,
Year of publication 2000.
300 ## - PHYSICAL DESCRIPTION
Number of Pages xvi, 310 p. ;
650 #0 - SUBJECT ADDED ENTRY--TOPICAL TERM
Topical Term Theology, Doctrinal.
942 ## - ADDED ENTRY ELEMENTS (KOHA)
Koha item type Books
Holdings
Home library Current library Shelving location Date acquired Full call number Accession Number Koha item type
Henry Martyn Institute Library Henry Martyn Institute Library General stacks 10/31/2018 230 WIL 11003818 Books
                   Copyright © 2026 | Henry Martyn Institute | Hyderabad | TS-500052 | INDIA | Implemented by hmi.edu.in
Hit-Count:

Powered by Koha